Concrete technology (Record no. 4023)

000 -LEADER
fixed length control field 00455nam a22001817a 4500
001 - CONTROL NUMBER
control field 4023
003 - CONTROL NUMBER IDENTIFIER
control field BD-DhUET
008 - FIXED-LENGTH DATA ELEMENTS--GENERAL INFORMATION
fixed length control field 141111b xxu||||| |||| 00| 0 eng d
040 ## - CATALOGING SOURCE
Transcribing agency 0
Modifying agency BD-DhUET
082 ## - DEWEY DECIMAL CLASSIFICATION NUMBER
Classification number 620.136
Item number SHE/1982
100 ## - MAIN ENTRY--PERSONAL NAME
Personal name Shetty, M. S.
245 ## - TITLE STATEMENT
Title Concrete technology
Remainder of title theory and practice
250 ## - EDITION STATEMENT
Edition statement 1st ed.
260 ## - PUBLICATION, DISTRIBUTION, ETC. (IMPRINT)
Place of publication, distribution, etc. New Delhi
Name of publisher, distributor, etc. S. Chand
Date of publication, distribution, etc. 1982
300 ## - PHYSICAL DESCRIPTION
Extent xiv, 592p.
Other physical details ill.
650 #0 - SUBJECT ADDED ENTRY--TOPICAL TERM
Topical term or geographic name as entry element Concrete - Engineering
942 ## - ADDED ENTRY ELEMENTS (KOHA)
Koha item type General Book
Holdings
Koha issues (times borrowed) Withdrawn status Koha normalized classification for sorting Sublocation or collection (holding branch) Location (home branch) Lost status Damaged status Source of classification or shelving scheme Date acquired Copy number Koha item type Koha collection Piece designation (barcode) Koha date last borrowed Koha date last seen Price effective from Koha full call number Not for loan Shelving location
1 620_000000000000000_136SHE1982Central Library, BUETCentral Library, BUET   2014-11-112General Book 583102014-11-112014-12-232014-11-11620.136/SHE/1982 Circulation section
1 620_000000000000000_136SHE1982Central Library, BUETCentral Library, BUET   2014-11-161General Book 564382014-11-162017-06-052014-11-16620.136/SHE/1982 Circulation section
1 620_136000000000000_SHE_1982Central Library, BUETCentral Library, BUET   2014-11-183General Book 583152014-11-182016-09-032014-11-18620.136/SHE/1982 Circulation section
2 620_000000000000000_136SHE1982Central Library, BUETCentral Library, BUET   2014-11-264General Book 583122016-03-052016-08-212014-11-26620.136/SHE/1982 Circulation section
  620_136000000000000_SHE_1982Central Library, BUETCentral Library, BUET   2015-02-055General BookNon Fiction58311 2015-02-052015-02-05620.136/SHE/1982 Circulation section
  620_136000000000000_SHE_1982Central Library, BUETCentral Library, BUET   2015-06-146Reading Item 58308 2015-06-142015-06-14620.136/SHE/1982 Reading section
  620_136000000000000_SHE_1982Central Library, BUETCentral Library, BUET   2015-06-157Reading Item 58309 2015-06-152015-06-15620.136/SHE/1982 Reading section
  620_136000000000000_SHE_1982Central Library, BUETCentral Library, BUET   2015-06-168Reading Item 58313 2015-06-162015-06-16620.136/SHE/1982 Reading section
  620_136000000000000_SHE_1982Central Library, BUETCentral Library, BUET   2015-06-169Reading Item 58314 2015-06-162015-06-16620.136/SHE/1982 Reading section
  620_136000000000000_SHE_1982Central Library, BUETCentral Library, BUET   2015-06-2010Reading Item 58316 2015-06-202015-06-20620.136/SHE/1982 Reading section
  620_136000000000000_SHE_1982Central Library, BUETCentral Library, BUET   2015-06-2311Reading Item 55327 2015-06-232015-06-23620.136/SHE/1982 Reading section